000 00615nam a22002177a 4500
005 20260427094224.0
008 260427b |||||||| |||| 00| 0 eng d
020 _a9780486819181
_qpbk
020 _a0486819183
_qpbk
082 _a629.411
_bKAP
100 _aKaplan, Marshall H.
245 _aModern spacecraft dynamics and control
250 _a2020
260 _aNew York
_bDover Publications
_c2020
300 _axiv, 415p. ; 23cm.
653 _aSpace flight
653 _aSpace vehicles--Attitude control systems
653 _aSpace vehicles--Dynamics
653 _aAstrodynamics
942 _2ddc
_cBK
999 _c53148
_d53148